A visual dictionary of architecture / (Record no. 352142)
[ view plain ]
| 000 -LEADER | |
|---|---|
| fixed length control field | 00808 a2200253 4500 |
| 003 - CONTROL NUMBER IDENTIFIER | |
| control field | OSt |
| 005 - DATE AND TIME OF LATEST TRANSACTION | |
| control field | 20260129100536.0 |
| 008 - FIXED-LENGTH DATA ELEMENTS--GENERAL INFORMATION | |
| fixed length control field | 120207t xxu||||| |||| 00| 0 eng d |
| 010 ## - LIBRARY OF CONGRESS CONTROL NUMBER | |
| LC control number | 95001476 |
| 020 ## - INTERNATIONAL STANDARD BOOK NUMBER | |
| International Standard Book Number | 0442009046 |
| 040 ## - CATALOGING SOURCE | |
| Transcribing agency | 0 |
| 082 00 - DEWEY DECIMAL CLASSIFICATION NUMBER | |
| Classification number | 720.3 |
| 100 1# - MAIN ENTRY--PERSONAL NAME | |
| Personal name | Ching, Frank, |
| 9 (RLIN) | 26090 |
| 245 12 - TITLE STATEMENT | |
| Title | A visual dictionary of architecture / |
| Statement of responsibility, etc. | Francis D.K. Ching. |
| 246 30 - VARYING FORM OF TITLE | |
| Title proper/short title | Architecture |
| 260 ## - PUBLICATION, DISTRIBUTION, ETC. | |
| Place of publication, distribution, etc. | New York : |
| Name of publisher, distributor, etc. | Van Nostrand Reinhold, |
| Date of publication, distribution, etc. | c1995. |
| 300 ## - PHYSICAL DESCRIPTION | |
| Extent | 319 p. : |
| Other physical details | ill. ; |
| Dimensions | 31 cm. |
| 500 ## - GENERAL NOTE | |
| General note | Includes index. |
| 650 #0 - SUBJECT ADDED ENTRY--TOPICAL TERM | |
| Topical term or geographic name entry element | Architecture |
| General subdivision | Dictionaries. |
| 9 (RLIN) | 31737 |
| 650 #0 - SUBJECT ADDED ENTRY--TOPICAL TERM | |
| Topical term or geographic name entry element | Picture dictionaries, English. |
| 9 (RLIN) | 31738 |
| 942 ## - ADDED ENTRY ELEMENTS (KOHA) | |
| Institution code [OBSOLETE] | SADA |
| Koha item type | Reference |
| Call number prefix | 720.3 CHI 1995 |
| Source of classification or shelving scheme | |
| Withdrawn status | Lost status | Source of classification or shelving scheme | Damaged status | Not for loan | Permanent Location | Current Location | Date acquired | Total Checkouts | Full call number | Barcode | Date last seen | Date last checked out | Copy number | Cost, replacement price | Price effective from | Koha item type |
|---|---|---|---|---|---|---|---|---|---|---|---|---|---|---|---|---|
| School of Art Design and Architecture (SADA) | School of Art Design and Architecture (SADA) | 08/05/2010 | 1 | 720.3 CHI 1995 | SADA0000043 | 09/23/2011 | 09/21/2011 | 03 | 0.00 | 08/05/2011 | Book | |||||
| School of Art Design and Architecture (SADA) | School of Art Design and Architecture (SADA) | 08/05/2010 | 2 | 720.3 CHI 1995 | SADA0000042 | 12/29/2023 | 12/15/2023 | 02 | 0.00 | 08/05/2011 | Book | |||||
| School of Art Design and Architecture (SADA) | School of Art Design and Architecture (SADA) | 06/11/2010 | REF 720.3 CHI 1995 | SADA0000001 | 08/05/2011 | 01 | 3937.00 | 08/05/2011 | Reference |
